Записка члена комиссии по пересмотру университетского устава Н.А. Любимова об ученых степенях

Доступно только в Электронных читальных залах Найти на картеНа карте
RUSMARC
00004108nmc2a22000003x 450
0011e5e0eef-f370-4a8d-8df7-7749e18a2b78
00520210217153956.0
100##$a20190712l18761876k l0rusy0189 ca
1010#$arus
102##$aRU
2001#$aЗаписка члена комиссии по пересмотру университетского устава Н.А. Любимова об ученых степенях
$j[1876 г.]
251##$cДело
300##$aМатериалы по служебной деятельности И.Д. Делянова. По Министерству народного просвещения (1856-1897)
300##$a(черновая)
801#0$aRU
$bРГИА
$c20190712
$gRCR
801#1$aRU
$bГлавНИВЦ
$c20190712
$2rusmarc
801#2$aRU
$bПБ им. Б.Н. Ельцина
$c20210217
$gRCR
$2rusmarc
850##$aРГИА
852##$aРГИА
$eФедеральное казенное учреждение "Российский государственный исторический архив" (РГИА)
$j115
937##$hРГИА
$d12275860
$aASBIBLIO_SCAN
462#0$10013dfa799b-3a50-4673-b3be-8a348f2dcc4f
$12001
$aЛичные, служебные и имущественные документы И. Д. Делянова. Переписка И. Д. Делянова и членов его семьи. Служебная переписка директора Департамента народного просвещения Н. М. Аничкова
$1251
$cОпись
$1852
$j1
461#0$100199155341-bdc0-4986-8135-aafdb775052f
$12001
$aДелянов Иван Давыдович, граф, статс-секретарь, управляющий делами Секретного комитета о раскольниках, попечитель учебного округа, директор Публичной библиотеки, министр народного просвещения
$1251
$cФонд
$1852
$j1604
215##$a7 л.
$d36,5х26 см
371##$aДокумент не является опубликованным и широко распространяемым
105##$ay###
1222#$ad
035##$a1e5e0eef-f370-4a8d-8df7-7749e18a2b78
856##$uhttp://readingroom.main.prlib.ru/item.aspx?id_node=n157373916&mode=full
Формат отображения